Her Body Is Bible - FLETCHER - Statistics

General Stats
  • This quiz has been taken 4 times
  • The average score is 89 of 174
Answer Stats
Hint Answer % Correct
Verse 1 I
100%
in
100%
is
100%
my
100%
on
100%
T
100%
4
67%
a
67%
an
67%
And
67%
at
67%
Bible
67%
body
67%
go
67%
her
67%
know
67%
like
67%
lips
67%
One
67%
put
67%
that
67%
the
67%
The
67%
to
67%
we're
67%
what
67%
All
33%
AM
33%
Chorus Amen,
33%
'bout"
33%
broken
33%
dancin'
33%
dark
33%
everything
33%
feelin',
33%
feelin'
33%
forgot
33%
found
33%
freedom,
33%
freedom
33%
gets
33%
God
33%
ground
33%
heart
33%
Heaven
33%
Hold
33%
Holy
33%
I'll
33%
I'm
33%
Outro | Pre-Chorus It's
33%
just
33%
light,
33%
moment
33%
need
33%
now
33%
ocean
33%
only
33%
out
33%
she's
33%
sippin'
33%
Swift
33%
talkin'
33%
taste
33%
that's
33%
they're
33%
"This
33%
this
33%
thought,
33%
tight,
33%
touch,
33%
Tshirt
33%
Water
33%
wave
33%
when
33%
world
33%
your
33%
yours
33%
freakin'
0%
hard,
0%
hot,
0%
night,
0%
paradise
0%
Verse 2 Saw
0%
shit's
0%
so
0%
you're
0%
No matching quizzes found
Score Distribution
Percent of People with Each Score
Percentile by Number Answered
Your Score History
You have not taken this quiz